000
00255nam a2200109Ia 4500
008
220204s9999 xx 000 0 und d
082
_a
82-3
_b
GOE
100
_a
Goethe, J W
245
0
_a
Faust. Parts 1 and 2
260
_a
London
_b
Sphere
_c
1974
942
_c
BK
999
_c
28918
_d
28918